000 00236nam a2200097Ia 4500
008 240331s9999 xx 000 0 und d
082 _bRAM
100 _aRamalingam,V
245 0 _ayaalppanach samugathil penn kalvi :
_bor aaivu
942 _cL
999 _c5836
_d5836